000 00568nam a2200217Ia 4500
005 20250425160642.0
008 250425s9999 xx 000 0 und d
020 _a9688802239
041 _aspa
082 _a620.0044
100 _aBAIRD, D. C.
245 0 _aEXPERIMENTACION: UNA INTRODUCCION A LA TEORIA DE MEDICIONES Y AL DISEÑO DE EXPERIMENTOS
250 _a2A ED.
260 _aMEXICO
260 _aMéxico
_bPRENTICE-HALL
_c1991
300 _a207
650 _aDISEÑO DE EXPERIMENTOS
650 _aEXPERIMENTACION
942 _c01
010 _a1304
999 _c193408
_d193408